00614nam a2200181Ia 4500003000400000005001700004008004100021040000900062082002200071100003000093245004000123260004300163300000800206650001300214942005000227952013800277999001700415OSt20210108103512.0190216s9999||||xx |||||||||||||| ||und|| coclc a894.812301bROS/S aRosanal, Elsy Livis98164 0aSalkathakalam /cElsy Livis Rosanal bOriental Watchman Publications,aPune: a80p aKathakal cBK2ddch894.812301iROS/Sk894.812301mROS/S 00102ddc40708SSaMESbMEScMALd2019-02-20g12.50l0o894.812301 ROS/Sp20059r2019-02-20 00:00:00tVOL-6w2019-02-20yBKzGR31R1 c27084d27084